| 000 | 00520nam a22001817a 4500 | ||
|---|---|---|---|
| 005 | 20160106101929.0 | ||
| 010 | _a ENG-114346 | ||
| 020 |
_a9789351950141 _c499.00 |
||
| 035 | _aEN-97878 | ||
| 037 | _bDBAD/PUB | ||
| 082 | _aN | ||
| 100 | _aPadmanabhan, Manjula | ||
| 245 |
_aEscape / _cby Manjula Padmanabhan |
||
| 260 |
_aGurgaon _bHachette Book Publishing _c2015 |
||
| 270 |
_a4th & 5th Floors, Corporate Centre, Plot No.94, Sector 44 _bGurgaon _e122003 |
||
| 300 |
_a392p. _c21cm(pbk) |
||
| 942 |
_2ddc _cEN _mPAD _hN |
||
| 999 |
_c97859 _d97859 |
||